000 00628nam a2200181 a 4500
008 120416s1990 ||||||||||||||||| || u
020 _a0130043915
050 _aHF 5657.4 Arn
100 _aArnold, John
245 1 0 _aAccounting for management decisions
250 _a2nd ed.
260 _aNew York
_bFT Prentice-Hall
_c1990
300 _axvi, 412p. : ill.
350 _a0.00
650 0 _aACCOUNTING--HANDBOOKS, MANUALS, ETC
650 0 _aMANAGERIAL ACCOUNTING
995 _D0.00
_FCBU-MAIN LIBRARY (Kitwe)
_H1
_I24.50
_M1
_UAVAILABLE
_ZMain Library Open Access Collection
999 _c33331
_d33331